[Event "HUN-chT 2019-20"]
[Site "Budapest"]
[Date "2019.11.17"]
[Round "2.13"]
[White "Buhmann, Rainer"]
[Black "Stevic, Hrvoje"]
[Result "1/2-1/2"]
[WhiteElo "2565"]
[BlackElo "2563"]
[Annotator "TA"]
[PlyCount "61"]
[EventDate "2019.11.16"]
[EventType "team-tourn"]
[EventCountry "HUN"]
[SourceTitle "playchess.com"]
[Source "ChessBase"]
[SourceQuality "1"]

{[%evp 20,61,41,40,46,26,33,21,25,26,37,23,33,18,26,25,16,18,18,36,32,37,22,25,28,33,31,27,23,21,29,0,0,0,11,11,6,0,0,0,0,0,0,0]} 1. d4 d5 2. Nf3 Nf6 3. c4 dxc4 4. e3 e6 5. Bxc4 c5 6. O-O a6 7. dxc5 Bxc5 8. Qxd8+ Kxd8 9. Nbd2 {[%cal Bb1d2,Bd2b3,Bb3d4][%mdl 32]} Ke7 10. Be2 b6 11. Ne5 a5 {D27: Queen's Gambit Accepted: Classical main line: 7 e4!? and 7 a4} 12. Rd1 $146 ({Predecessor:} 12. Ndc4 Ba6 13. b3 Nfd7 14. Nf3 Nc6 15. Bb2 f6 16. Rfd1 Rhd8 17. Rac1 Bb7 18. Nfd2 Nce5 19. Nxe5 Nxe5 20. Bxe5 fxe5 {½-½ (33) Martirosyan,H (2567)-Ter Sahakyan,S (2563) Yerevan 2018}) 12... Rd8 13. Nb3 Rxd1+ 14. Bxd1 Bd6 15. Nc4 Bc7 16. Nd4 {Hoping for Bf3.} Ba6 17. Bf3 Ra7 18. b3 {Threatening Ba3+.} b5 19. Na3 b4 20. Nab5 Bxb5 $1 21. Nxb5 Be5 22. Nxa7 {[#] aiming for Rb1.} Bxa1 23. Nc8+ Kf8 24. Nb6 Nbd7 25. Na4 Ne5 {The position is equal.} 26. Be2 Ne4 27. Kf1 Ke7 28. f4 Nd7 29. Bd3 Nec5 30. Nxc5 (30. Bxh7 $2 Nxa4 31. bxa4 g6 $19) 30... Nxc5 31. Bc2 {Accuracy: White = 69%, Black = 73%.} ({Much worse is} 31. Bxh7 g6 $17) 1/2-1/2

[Event "HUN-chT 2019-20"]
[Site "Budapest"]
[Date "2019.11.17"]
[Round "2.14"]
[White "Grigoriants, Sergey"]
[Black "Brkic, Ante"]
[Result "1/2-1/2"]
[WhiteElo "2543"]
[BlackElo "2587"]
[Annotator "TA"]
[PlyCount "65"]
[EventDate "2019.11.16"]
[EventType "team-tourn"]
[EventCountry "HUN"]
[SourceTitle "playchess.com"]
[Source "ChessBase"]
[SourceQuality "1"]

{[%evp 9,65,0,0,0,0,0,0,-4,0,0,0,0,0,-14,-12,-27,-25,-23,-18,-15,-18,-42,-18,-17,0,-14,0,0,0,0,0,-40,-37,-55,-45,-77,-41,-38,-37,-54,-47,-37,-45,-48,-27,-66,-33,-37,-27,-34,0,-11,0,0,0,0,0,0]} 1. c4 e5 2. g3 c6 3. d4 e4 4. Nc3 $146 (4. Qa4 d5 5. cxd5 Nf6 6. Nc3 b5 7. Qc2 Bb4 8. Bg5 cxd5 9. e3 a6 10. a4 h6 11. Bxf6 Qxf6 12. axb5 {1-0 (39) Anton Guijarro,D (2674)-Sunilduth Lyna,N (2611) Khanty-Mansiysk 2019}) 4... d5 5. a3 Nf6 6. Bg2 {A20: English Opening: 1...e5} Be7 7. cxd5 cxd5 8. f3 {[%cal Rf3e4]} exf3 9. Nxf3 O-O 10. O-O h6 11. Bf4 Nc6 12. Rc1 Be6 13. Kh1 Rc8 14. Qd3 Re8 15. Qb5 b6 16. Qd3 Bf8 17. Ne5 g5 18. Nxc6 Rxc6 19. Be3 Bg7 20. Bg1 {Threatening Nxd5.} Qd7 21. Rce1 Rcc8 22. Rd1 Bg4 (22... Ne4 $5) 23. Rde1 Rcd8 24. Rc1 Bh5 25. e3 Bg6 26. Qd1 Qe6 27. Qf3 Ne4 28. Nxe4 $1 Bxe4 29. Qf2 f5 30. Bxe4 {The position is equal.} fxe4 31. Qf5 Qe7 32. Qg4 Rf8 33. Rf5 {Accuracy: White = 62%, Black = 56%.} 1/2-1/2

[Event "HUN-chT 2019-20"]
[Site "Budapest"]
[Date "2019.11.17"]
[Round "2.15"]
[White "Shengelia, David"]
[Black "Jovanovic, Zoran"]
[Result "1-0"]
[WhiteElo "2526"]
[BlackElo "2512"]
[Annotator "TA"]
[PlyCount "60"]
[EventDate "2019.11.16"]
[EventType "team-tourn"]
[EventCountry "HUN"]
[SourceTitle "playchess.com"]
[Source "ChessBase"]
[SourceQuality "1"]

{[%evp 9,60,10,16,12,12,-19,3,-9,0,-10,-12,-5,2,13,9,-10,0,0,0,-7,25,18,15,0,0,0,8,0,15,10,28,29,112,96,104,109,124,128,113,129,118,114,256,248,800,507,843,836,816,838,836,830,29991]} 1. d4 d6 2. Nc3 Nf6 3. g3 (3. e4 e5 4. Nf3 Nbd7 5. Bc4 Be7 6. a4 O-O 7. O-O a6 8. a5 b5 9. axb6 cxb6 10. Qe2 Bb7 11. Rd1 b5 12. Bd3 Qc7 13. h3 Rfe8 14. Be3 b4 15. dxe5 bxc3 16. exf6 cxb2 {½-½ (45) Grandelius,N (2643)-Movsesian,S (2673) Tallinn 2016}) 3... c6 4. Bg2 e5 5. dxe5 dxe5 6. Qxd8+ {A41: 1 d4 d6: Tartakower System and Modern Defence} Kxd8 7. Bg5 $146 ({Predecessor:} 7. f4 exf4 8. Bxf4 Be6 9. O-O-O+ Nbd7 10. Nf3 Bb4 11. Rd3 Bxc3 12. bxc3 {½-½ (35) Gorbatov,A (2374)-Vorotnikov,V (2476) Moscow 2016}) 7... Nbd7 8. O-O-O {The position is equal.} Be7 9. Bh3 Kc7 10. Nf3 h6 11. Bxf6 Bxf6 12. Ne4 Nc5 13. Nxc5 {[#] aiming for Bxc8.} Bxh3 14. Ne4 $1 Rad8 (14... Be7 {is more complex.} 15. Nxe5 Rhe8 16. f3 Bf5 17. Nxf7 Bg6) 15. Nxf6 gxf6 16. Nd2 Be6 17. b3 b6 18. Rhf1 Bh3 19. Rg1 Kd6 20. g4 f5 {[#]} (20... h5 $1 $11 {keeps the balance.}) 21. f3 $1 $16 {Hoping for Rg3.} fxg4 22. fxg4 {And now Rg3 would win.} h5 23. Nf3+ Kc7 24. Rxd8 Rxd8 25. gxh5 {[%mdl 4096] Endgame Threatens to win with Ng5. KRB-KRN} f6 (25... Rh8 $16) 26. h6 $18 e4 $2 (26... Bf5 27. Nh4 Bh7 28. Rg7+ Rd7) 27. Nh4 {White is clearly winning.} Rd5 (27... Rd7 $142 28. Rg7 Rxg7 29. hxg7 Be6) 28. h7 Rh5 29. Rg7+ Kd6 30. Ng6 Kd5 {Accuracy: White = 64%, Black = 22%.} 1-0

[Event "HUN-chT 2019-20"]
[Site "Budapest"]
[Date "2019.11.17"]
[Round "2.16"]
[White "Gonda, Laszlo"]
[Black "Horvath, Csaba"]
[Result "1/2-1/2"]
[WhiteElo "2532"]
[BlackElo "2509"]
[Annotator "TA"]
[PlyCount "75"]
[EventDate "2019.11.16"]
[EventType "team-tourn"]
[EventCountry "HUN"]
[SourceTitle "playchess.com"]
[Source "ChessBase"]
[SourceQuality "1"]

{[%evp 9,75,0,12,-12,0,0,0,-6,16,-4,18,0,9,0,0,0,0,-8,13,13,7,12,13,8,0,0,0,0,0,0,11,14,18,11,21,23,25,25,29,26,78,24,58,25,32,27,105,31,22,22,68,5,17,10,17,1,20,0,18,6,21,0,0,0,19,0,0,-14]} 1. d4 Nf6 2. Bf4 d5 3. e3 c5 4. c3 e6 5. Nd2 Bd6 6. Bg3 {D00: 1 d4 d5: Unusual lines} Qc7 7. dxc5 Qxc5 8. Ngf3 Nbd7 9. Bd3 $146 ({Predecessor:} 9. Rc1 Bxg3 10. hxg3 b6 11. c4 Bb7 12. a3 Rc8 {½-½ (45) Bauer,C (2637)-Tilicheev,V (2507) Vandoeuvre 2019}) 9... Qc7 10. e4 Nc5 11. Bb5+ Bd7 12. Bxd7+ $1 Ncxd7 ({But not} 12... Qxd7 $2 13. e5 $18) 13. Qe2 {And now e5 would win.} Bf4 14. Bxf4 Qxf4 15. g3 Qc7 16. O-O Nxe4 17. Nxe4 dxe4 18. Qxe4 O-O 19. Rad1 Rfc8 20. Rd2 Nf6 21. Qe2 Qa5 22. a3 b5 23. Rfd1 Qb6 24. Rd4 h6 (24... Nd5 $11 {remains equal.}) 25. Ne5 ({White should try} 25. h4 $16) 25... Qb7 26. R1d3 a6 27. h4 {Black should prevent g4.} Qe7 {[#]} (27... Nd5 $11) 28. Qd2 ({Better is} 28. Rd7 $1 $16 {[%cal Rd7e7][%mdl 512]} Nxd7 29. Rxd7) 28... Nd5 $14 29. Ng4 h5 30. Ne3 (30. Ne5 $14) 30... Nf6 $11 {The position is equal.} 31. Qe2 Ra7 32. Qd1 Raa8 33. Qe2 Rc7 34. Nc2 g6 35. Qe5 Rc5 36. Qe2 Rc7 37. Rf3 {Threatens to win with Rdf4.} e5 38. Rd1 {Accuracy: White = 38%, Black = 39%.} 1/2-1/2

[Event "HUN-chT 2019-20"]
[Site "Budapest"]
[Date "2019.11.17"]
[Round "2.17"]
[White "Horvath, Jozsef"]
[Black "Flumbort, Andras"]
[Result "1-0"]
[WhiteElo "2437"]
[BlackElo "2457"]
[Annotator "TA"]
[PlyCount "47"]
[EventDate "2019.11.16"]
[EventType "team-tourn"]
[EventCountry "HUN"]
[SourceTitle "playchess.com"]
[Source "ChessBase"]
[SourceQuality "1"]

{[%evp 14,47,0,0,-3,0,5,-18,0,-13,0,0,0,-8,5,0,16,0,0,0,22,1,40,29,79,70,138,47,84,79,156,129,221,162,212,118]} 1. Nf3 c5 2. c4 Nc6 3. b3 e5 4. Bb2 d6 5. Nc3 g6 6. g3 Bg7 7. d3 Nge7 8. Bg2 O-O {A36: Symmetrical English vs ...g6: 4 Bg2 Bg7} (8... h6 9. O-O O-O 10. Ne1 Be6 11. Nd5 Rb8 12. Nc2 b5 13. e3 bxc4 14. dxc4 f5 {½-½ (14) Maghsoodloo,P (2666)-Alekseev,E (2639) Bandar e Anzali 2019}) 9. O-O Rb8 10. a3 a6 {The position is equal.} 11. e3 b5 12. Nd2 f5 $146 ({Predecessor:} 12... Be6 13. Nd5 f5 14. Qc2 bxc4 15. bxc4 {1-0 (45) Zgadzaj,R (2194)-Bakalarz,L (2172) Polanica Zdroj 2004}) 13. Nd5 Bb7 14. Qc2 Qd7 15. f4 Kh8 16. Nf3 Rbe8 17. Rae1 bxc4 18. bxc4 Ng8 19. Bc3 Nce7 ({Black should try} 19... exf4 $14 20. exf4 Nd8) 20. fxe5 (20. Ng5 $16 {Threatens to win with Nb6.} Bc6 21. fxe5 dxe5 22. e4) 20... Bxd5 21. exd6 Qxd6 (21... Ba8 $142) 22. cxd5 $16 Qxd5 (22... Nxd5 $16 23. Bxg7+ Kxg7) 23. Bxg7+ $18 Kxg7 24. e4 {Played: Nf3-d4} 1-0

[Event "HUN-chT 2019-20"]
[Site "Budapest"]
[Date "2019.11.17"]
[Round "2.18"]
[White "Popovics, Adam"]
[Black "Hujbert, Florian"]
[Result "1/2-1/2"]
[WhiteElo "2365"]
[BlackElo "2420"]
[Annotator "RC"]
[PlyCount "199"]
[EventDate "2019.11.16"]
[EventType "team-tourn"]
[EventCountry "HUN"]
[SourceTitle "playchess.com"]
[Source "ChessBase"]
[SourceQuality "1"]

1. Nf3 Nf6 2. c4 b6 3. Nc3 Bb7 4. e3 g6 5. d4 Bg7 6. Bd3 d5 7. Qa4+ Qd7 8. Qb3 Nc6 9. Nxd5 Nxd5 10. cxd5 Na5 11. Qb5 Bxd5 12. Qxd7+ Kxd7 13. b4 Nc6 14. a3 f5 15. Bb2 Rhe8 16. Ke2 a5 17. b5 Nd8 18. h4 Ne6 19. Rad1 Rad8 20. h5 Bf6 21. hxg6 hxg6 22. Rh6 Rg8 23. Rh7 Kc8 24. a4 Rd7 25. Rc1 Ng5 26. Nxg5 Bxg5 27. Bc4 Bxc4+ 28. Rxc4 e6 29. Rh1 Be7 30. g4 Bd6 31. Rc6 Kb7 32. g5 Rf8 33. Rh6 Rg8 34. f3 Bf8 35. Rh1 Rd6 36. Rcc1 Rd7 37. Rc4 Bd6 38. Rc6 Rf7 39. Kd3 Rd8 40. Rh6 Rg8 41. e4 fxe4+ 42. fxe4 Rf3+ 43. Kc4 Rf4 44. Kd3 Rf3+ 45. Kc2 Rf2+ 46. Kb3 Rgf8 47. Rxg6 R8f3+ 48. Bc3 e5 49. d5 Rg2 50. Rg7 Kc8 51. g6 Rfg3 52. Rgxc7+ Bxc7 53. d6 Rxg6 54. Rxc7+ Kd8 55. Rc6 R6g3 56. Rxb6 Kd7 57. Rc6 Rd2 58. Kc4 Rc2 59. Kb3 Rd2 60. Rc7+ Kxd6 61. b6 Rd4 62. Rc4 Rxc4 63. Kxc4 Kc6 64. Bxa5 Re3 65. Bc3 Rxe4+ 66. Kd3 Rxa4 67. Bxe5 Kxb6 68. Bd4+ Kc6 69. Ke4 Kd6 70. Ke3 Kd5 71. Bf6 Re4+ 72. Kf3 Re1 73. Bh4 Re6 74. Bg5 Re8 75. Bh4 Re5 76. Bg3 Rf5+ 77. Ke3 Rh5 78. Kf3 Rh1 79. Kg2 Rb1 80. Kf3 Kd4 81. Bf2+ Ke5 82. Bg3+ Kf5 83. Kg2 Kg4 84. Bf2 Rb2 85. Kg1 Kh3 86. Bd4 Re2 87. Kh1 Rh2+ 88. Kg1 Rd2 89. Be3 Rb2 90. Bd4 Rc2 91. Kh1 Ra2 92. Kg1 Re2 93. Kh1 Kg3 94. Bg1 Re4 95. Bh2+ Kf2 96. Bg1+ Kf3 97. Bh2 Rh4 98. Kg1 Rh5 99. Bd6 Rh1+ 100. Kxh1 1/2-1/2

[Event "HUN-chT 2019-20"]
[Site "Budapest"]
[Date "2019.11.17"]
[Round "2.19"]
[White "Seres, Lajos"]
[Black "Farago, Ivan"]
[Result "1/2-1/2"]
[WhiteElo "2422"]
[BlackElo "2350"]
[Annotator "RC"]
[PlyCount "31"]
[EventDate "2019.11.16"]
[EventType "team-tourn"]
[EventCountry "HUN"]
[SourceTitle "playchess.com"]
[Source "ChessBase"]
[SourceQuality "1"]

1. e4 e5 2. Nf3 Nc6 3. Bb5 a6 4. Ba4 Nf6 5. O-O Be7 6. Re1 b5 7. Bb3 d6 8. c3 O-O 9. h3 Bb7 10. d4 Nb8 11. Nbd2 Nbd7 12. a4 Re8 13. Ng5 Rf8 14. Ngf3 Re8 15. Ng5 Rf8 16. Ngf3 1/2-1/2

[Event "HUN-chT 2019-20"]
[Site "Budapest"]
[Date "2019.11.17"]
[Round "2.20"]
[White "Tompa, Janos"]
[Black "Szuk, Balazs"]
[Result "1/2-1/2"]
[WhiteElo "2352"]
[BlackElo "2361"]
[Annotator "TA"]
[PlyCount "105"]
[EventDate "2019.11.16"]
[EventType "team-tourn"]
[EventCountry "HUN"]
[SourceTitle "playchess.com"]
[Source "ChessBase"]
[SourceQuality "1"]

{[%evp 14,105,0,-18,-17,-27,0,-10,0,-11,-9,-27,-27,-20,-25,-24,-24,-33,-31,-35,-30,-55,-20,-23,-16,-16,-19,-26,-22,-24,-7,-7,-5,-9,-6,-7,0,0,0,0,0,0,0,0,0,0,0,0,0,0,0,0,0,0,0,0,0,0,0,0,8,0,0,0,0,0,0,0,0,0,0,0,0,0,0,0,0,0,0,0,0,0,0,0,0,0,0,0,0,0,0,0,0,-29989]} 1. Nf3 c5 2. d3 d5 3. Nbd2 Nc6 4. g3 e6 5. Bg2 Bd6 6. e4 Nge7 7. O-O O-O 8. Nh4 Rb8 {A08: King's Indian Attack} (8... Bc7 9. f4 f6 10. c3 Rb8 11. Qh5 b5 12. a3 Bd7 13. Qe2 b4 14. axb4 cxb4 15. d4 bxc3 16. bxc3 dxe4 17. Nxe4 Nxd4 18. cxd4 {1-0 (32) Sevian,S (2556)-Popilski,G (2529) Las Vegas 2015}) 9. f4 f6 10. Ndf3 b5 11. Qe2 Bc7 12. Bh3 $146 ({Predecessor:} 12. Be3 d4 13. Bd2 Qe8 14. g4 Bd7 15. Kh1 Ng6 16. Nxg6 Qxg6 17. h3 Qf7 18. Rg1 Ne7 19. f5 Nc6 20. fxe6 Qxe6 {½-½ (20) Mainka,R (2417)-Machelett,H (2407) Germany 2016}) 12... e5 13. Bxc8 Rxc8 14. fxe5 Nxe5 15. Nxe5 Bxe5 16. Nf3 Ng6 17. a4 a6 18. axb5 axb5 19. Nxe5 Nxe5 20. Bf4 {Black should prevent Bxe5.} Re8 21. Rae1 Ng6 22. Qf3 {The position is equal.} dxe4 23. Rxe4 Rxe4 24. Qxe4 Qd4+ 25. Be3 Qxe4 26. dxe4 $11 {[%mdl 4096] Endgame KRB-KRN} Ne5 27. Rd1 Nc4 28. Kf2 Nxb2 29. Rb1 Na4 30. Rxb5 Nc3 31. Ra5 Nxe4+ 32. Kf3 Ng5+ 33. Bxg5 fxg5 {KR-KR} 34. Ke4 h6 35. c4 Re8+ 36. Kd5 Re2 37. Rxc5 Rxh2 38. Rc8+ Kh7 39. c5 h5 40. c6 h4 41. c7 Rc2 42. gxh4 gxh4 43. Kd6 h3 44. Rf8 g5 (44... h2 $5 45. Rf1 $8 Kg6 $11) 45. c8=Q Rxc8 46. Rxc8 {KR-KPP} h2 47. Rc1 {[#] White wants to mate with Rh1!} g4 48. Ke5 g3 {aiming for ...g2.} 49. Kf6 $1 ({Avoid the trap} 49. Rh1 $2 Kg6 $19) 49... g2 50. Rc7+ Kh6 (50... Kh8 $5 51. Rc8+ $8 Kh7 52. Rc7+ Kh8 53. Rc8+ Kh7 54. Rc7+ $11) 51. Rc8 {[%cal Rc8h8] [#]} Kh5 (51... Kh7 $5 52. Rc7+ $8 Kg8 53. Rc8+ Kh7 54. Rc7+ $11) 52. Kf5 {[%cal Rc8h8]} Kh6 (52... Kh4 $5 53. Kf4 $8 Kh5 $11) 53. Ke4 $2 {[%mdl 40960] Accuracy: White = 76%, Black = 71%. . An unexpected result.} (53. Kf6 $11 Kh5 54. Kf5) 1/2-1/2

[Event "HUN-chT 2019-20"]
[Site "Budapest"]
[Date "2019.11.17"]
[Round "2.21"]
[White "Gara, Anita"]
[Black "Papp, Petra"]
[Result "1/2-1/2"]
[WhiteElo "2366"]
[BlackElo "2341"]
[Annotator "TA"]
[PlyCount "62"]
[EventDate "2019.11.16"]
[EventType "team-tourn"]
[EventCountry "HUN"]
[SourceTitle "playchess.com"]
[Source "ChessBase"]
[SourceQuality "1"]

{[%evp 28,62,-5,-72,-55,-41,29,33,41,43,45,54,29,0,0,0,0,0,0,0,0,0,0,0,0,0,0,0,0,0,0,0,0,0,0,0,0]} 1. e4 c5 2. Nf3 d6 3. d4 cxd4 4. Nxd4 Nf6 5. Nc3 a6 6. Be3 Ng4 7. Bc1 Nf6 8. Be3 Ng4 9. Bc1 Nf6 10. Bg5 e6 11. f4 h6 12. Bh4 Qb6 13. Qd2 Qxb2 14. Rb1 Qa3 15. e5 (15. f5 $11) 15... dxe5 $17 {B97: Sicilian Najdorf: Poisoned Pawn} 16. fxe5 {[#]} Nd5 $146 ({Black should play} 16... Nfd7 $15) (16... Nfd7 17. Ne4 Qxa2 18. Rd1 Qd5 19. Qe3 Qxe5 20. Be2 Bc5 21. Bg3 Qd5 22. c4 Bxd4 23. Rxd4 {0-1 (47) Giri,A (2779)-Vachier Lagrave,M (2775) Paris 2019}) 17. Nxd5 $11 exd5 {White is slightly better.} 18. e6 $1 {[%cal Re6f7]} Bxe6 19. Nxe6 fxe6 20. Bd3 Be7 $1 {[%cal Re7h4] The position is equal.} 21. Bg6+ Kd8 $1 22. Bxe7+ Qxe7 23. O-O Nd7 24. Rf7 Qc5+ 25. Kh1 Rf8 {[#] ...Rxf7 is the strong threat.} 26. Rxg7 Rf6 $1 {Strongly threatening ...Qf8.} 27. Rg8+ Rf8 28. Rg7 Rf6 {And now ...Qf8 would win.} 29. Rg8+ Rf8 30. Rg7 Rf6 {[#] Hoping for ...Qf8.} 31. Rg8+ Rf8 {Accuracy: White = 76%, Black = 84%.} 1/2-1/2

[Event "HUN-chT 2019-20"]
[Site "Budapest"]
[Date "2019.11.17"]
[Round "2.22"]
[White "Kokeny, Norbert Adrian"]
[Black "Bakos, Balazs"]
[Result "1/2-1/2"]
[WhiteElo "2300"]
[BlackElo "2404"]
[Annotator "TA"]
[PlyCount "90"]
[EventDate "2019.11.16"]
[EventType "team-tourn"]
[EventCountry "HUN"]
[SourceTitle "playchess.com"]
[Source "ChessBase"]
[SourceQuality "1"]

{[%evp 16,90,31,0,0,0,0,-9,-8,-2,0,0,-2,0,0,-8,-6,-13,-4,-7,-7,-7,-13,-11,-4,-6,0,0,0,0,0,0,7,0,0,0,0,0,0,0,0,-4,-1,-24,-9,-12,-12,-12,0,-18,-12,-12,-12,-15,-8,-14,0,0,0,-3,0,-23,0,0,0,0,0,0,0,0,0,0,0,0,0,0,0]} 1. Nf3 Nf6 2. g3 g6 3. b3 Bg7 4. Bb2 d6 5. d4 O-O 6. Bg2 c5 7. O-O cxd4 8. Nxd4 d5 9. Nf3 Nc6 {A49: 1 d4 Nf6 2 Nf3 g6 3 g3: Anti-King's Indian systems} 10. Na3 Bf5 11. c4 Be4 12. cxd5 Qxd5 13. Qxd5 Nxd5 14. Bxg7 Kxg7 15. Rfc1 Ndb4 16. Nb5 Rfd8 17. a3 $146 ({Predecessor:} 17. Nc3 Bxf3 18. Bxf3 {½-½ (24) Mego,P (2039)-Miciak,E (2432) Slovakia 2002}) 17... Nd5 18. Nfd4 Nxd4 19. Nxd4 Bxg2 20. Kxg2 Nf6 21. Rc4 Rd7 22. Rac1 Rad8 23. Nf3 Ne8 24. a4 Nd6 25. R4c3 {Ne5 is the strong threat.} f6 26. Ne1 e5 27. Nd3 b6 28. Nb4 Ne4 29. Rc7 Nc5 30. Rxd7+ Rxd7 $11 {[%mdl 4096] Endgame KRN-KRN} 31. Rc3 Rd2 32. Nd3 Nxd3 33. exd3 {KR-KR} Kh6 34. Kf3 Rb2 35. Ke3 f5 36. h3 Rb1 37. Ke2 a5 38. f4 Rb2+ 39. Kf3 {The position is equal.} exf4 40. Kxf4 Rf2+ 41. Ke3 $1 {[%cal Re3f2]} Rg2 42. Kf3 Rd2 43. Ke3 Rg2 44. Kf3 Rd2 45. Ke3 Rg2 {Accuracy: White = 79%, Black = 67%.} 1/2-1/2